Trainer der 2.Bundesliga der Saison 24/25 - Statistiken

Allgemein
  • Dieses Quiz wurde 44 mal gespielt
  • Das Durchschnittsergebnis liegt bei 8 aus 18
Antwortstatistiken
Hint Antwort % Korrekt
1.FC Nürnberg Miroslav Klose
76%
Hamburger SV Steffen Baumgart
68%
1.FC Kaiserslautern Markus Anfang
65%
Fortuna Düsseldorf Daniel Thioune
62%
1.FC Magdeburg Christian Titz
59%
Hannover 96 Stefan Leitl
59%
SC Paderborn Lukas Kwasniok
56%
SV Elversberg Horst Steffen
53%
KSC Christian Eichner
47%
Hertha BSC Christian Fiel
44%
FC Schalke 04 Karel Geraerts
44%
SV Darmstadt 98 Torsten Lieberknecht
44%
SpVgg Greuther Fürth Alexander Zorniger
32%
1.FC Köln Gerhard Struber
32%
Preußen Münster Sascha Hildmann
32%
Eintracht Braunschweig Daniel Scherning
26%
SSV Ulm 1846 Fußball Thomas Wörle
12%
Jahn Regensburg Joseph Enochs
6%
Keine übereinstimmenden Quizze gefunden
Verteilung der Resultate
Anzahl Personen mit jedem Resultat
Perzentil nach korrekt beantworteten Fragen
Ihre Resultats-Entwicklung
Sie haben dieses Quiz noch nicht gespielt